Trabajos policromados con hojas de metal

I tiakina i:
Ngā taipitopito rārangi puna kōrero
Kaituhi matua: Burggrof, Manfred (Author)
Hōputu: Pukapuka
Reo:Pāniora
I whakaputaina: París Bouret 1969
Rangatū:Para hacerlo uno mismo, 4
Ngā marau:
Ngā Tūtohu: Tāpirihia he Tūtohu
Kāore He Tūtohu, Me noho koe te mea tuatahi ki te tūtohu i tēnei pūkete!

MARC

LEADER 00000nam a2200000 a 4500
001 UCW4738
003 CL-VaPUC
008 900710e19690000FR |||||||||||||||||spa|d
082 0 4 |a 761.8  |b BUR  |2 21 
100 0 |a Burggrof, Manfred  |e author  |9 309520 
245 1 0 |a Trabajos policromados con hojas de metal 
300 |a 56 p 
942 |c BK 
945 |d 19900710 00:00:00 
260 |a París  |b Bouret  |c 1969 
650 0 |a Artes decorativas  |9 266306 
650 7 |a POLICROMIA METAL  |2 CL-VaPUC  |9 309521 
650 7 |a GRABADO EN METAL  |2 CL-VaPUC  |9 309522 
650 7 |a METALES EN EL ARTE  |2 CL-VaPUC  |9 309523 
583 |a last modification  |c 19900710 00:00:00  |k Rodrigo Vera 
490 0 |a Para hacerlo uno mismo, 4 
999 |c 218369  |d 218367 
952 |0 0  |1 0  |4 0  |6 761_800000000000000_BUR_1969  |7 0  |8 A  |9 207839  |a BIBEDU  |b BIBEDU  |d 2019-11-15  |i 2756722  |o 761.8 BUR 1969  |p 2756722  |r 2019-11-15  |w 2019-11-15  |y BK  |k EDU